000 00664nam a2200193Ii 4500
003 JO-AjNU
008 230605s9999||||xx |||||||||||||| ||und||
040 _aJO-AjNU
_bara
_erda
_cJO-AjNU
041 _aara
050 1 4 _aKRM4258.A28 1986
100 3 _aابو الروس، أحمد بسيوني,
_eauthor
_920588
245 0 0 _aجرائم النصب
264 3 1 _aالاسكندرية: دار المطبوعات الجامعية، 1986
300 _a339ص
336 _atext
_btxt
_2rdacontent
337 _aunmediated
_bn
_2rdamedia
338 _avolume
_bnc
_2rdacarrier
650 4 _aالنصب والاحتيال - قوانين وتشريعات - مصر
_920589
999 _aA7003
_c10571
_d10571